|
|
|
|
| LEADER |
01718nam a2200409 i 4500 |
| 001 |
EBC6201157 |
| 003 |
MiAaPQ |
| 005 |
20200915114108.0 |
| 006 |
m o d | |
| 007 |
cr cnu|||||||| |
| 008 |
200915s2020 enk o 001 0 eng d |
| 020 |
|
|
|z 9781839095030
|
| 020 |
|
|
|a 9781839095047 (e-book)
|
| 035 |
|
|
|a (MiAaPQ)EBC6201157
|
| 035 |
|
|
|a (Au-PeEL)EBL6201157
|
| 035 |
|
|
|a (OCoLC)1155114002
|
| 040 |
|
|
|a MiAaPQ
|b eng
|e rda
|e pn
|c MiAaPQ
|d MiAaPQ
|
| 050 |
|
4 |
|a HF1359
|b .G756 2020
|
| 082 |
0 |
|
|a 337
|2 23
|
| 100 |
1 |
|
|a Grima, Simon,
|e author.
|
| 245 |
1 |
0 |
|a Global street economy and micro entrepreneurship /
|c Simon Grima (University of Malta, Malta), Osman Sirkeci (Giresun University, Turkey), Kamuran Elbeyoglu (Toros University, Turkey).
|
| 264 |
|
1 |
|a Bingley, England :
|b Emerald Publishing,
|c [2020]
|
| 264 |
|
4 |
|c 2020
|
| 300 |
|
|
|a 1 online resource (200 pages)
|
| 336 |
|
|
|a text
|b txt
|2 rdacontent
|
| 337 |
|
|
|a computer
|b c
|2 rdamedia
|
| 338 |
|
|
|a online resource
|b cr
|2 rdacarrier
|
| 500 |
|
|
|a Includes index.
|
| 588 |
|
|
|a Description based on print version record.
|
| 590 |
|
|
|a Electronic reproduction. Ann Arbor, MI : ProQuest, 2018. Available via World Wide Web. Access may be limited to ProQuest affiliated libraries.
|
| 650 |
|
0 |
|a International economic relations.
|
| 655 |
|
4 |
|a Electronic books.
|
| 700 |
1 |
|
|a Sirkeci, Osman,
|e author.
|
| 700 |
1 |
|
|a Elbeyoglu, Kamuran,
|e author.
|
| 776 |
0 |
8 |
|i Print version:
|a Grima, Simon.
|t Global street economy and micro entrepreneurship.
|d Bingley, England : Emerald Publishing, c2020
|h 200 pages
|z 9781839095030
|
| 797 |
2 |
|
|a ProQuest (Firm)
|
| 856 |
4 |
0 |
|u https://ebookcentral.proquest.com/lib/matrademy/detail.action?docID=6201157
|z Click to View
|